Lautaro, joven libertador de Arauco

Αποθηκεύτηκε σε:
Λεπτομέρειες βιβλιογραφικής εγγραφής
Κύριος συγγραφέας: Alegría Alfaro, Fernando (Συγγραφέας)
Μορφή: Βιβλίο
Γλώσσα:Ισπανικά
Έκδοση: Santiago Zig-Zag 1981
Έκδοση:14a. ed
Σειρά:Colección juvenil Zig-Zag
Θέματα:
Ετικέτες: Προσθήκη ετικέτας
Δεν υπάρχουν, Καταχωρήστε ετικέτα πρώτοι!

MARC

LEADER 00000nam a2200000 a 4500
001 UCZ0153
003 CL-VaPUC
008 950724e19810700CL |||||||||||||||||spa|d
082 0 4 |a Ch863  |b ALE  |2 21 
100 0 |a Alegría Alfaro, Fernando  |e author  |9 342798 
245 1 0 |a Lautaro, joven libertador de Arauco 
250 |a 14a. ed 
300 |a 234 p 
942 |c BK 
945 |d 19950724 00:00:00  |a lriquelm 
260 |a Santiago  |b Zig-Zag  |c 1981 
650 0 |a Cuentos chilenos   |9 308280 
650 0 |a Literatura chilena   |9 308278 
650 0 |a Prosa chilena   |9 267787 
650 0 |a Formas y géneros literarios  |9 324031 
583 |a last modification  |c 20190719 04:14:24  |k Rodrigo Vera 
490 0 |a Colección juvenil Zig-Zag 
999 |c 237119  |d 237117 
952 |0 0  |1 0  |4 0  |6 CH_863_000000000000000_ALE_1981  |7 0  |8 A  |9 245915  |a BIBEDU  |b BIBEDU  |d 2019-11-18  |i 1534378  |o Ch863 ALE 1981  |p 1534378  |r 2019-11-18  |w 2019-11-18  |y BK  |k EDU